GOOSEBUMPS (Record no. 1678)
[ view plain ]
| 000 -LEADER | |
|---|---|
| fixed length control field | 00372nam a22001577a 4500 |
| 020 ## - INTERNATIONAL STANDARD BOOK NUMBER | |
| ISBN | 13-979-0-590-86559-0 |
| 082 ## - DEWEY DECIMAL CLASSIFICATION NUMBER | |
| Classification number | 823 |
| Item number | STI/G |
| 100 ## - MAIN ENTRY--AUTHOR NAME | |
| Personal name | STINE, R.L |
| 245 ## - TITLE STATEMENT | |
| Title | GOOSEBUMPS |
| 246 ## - VARYING FORM OF TITLE | |
| Title proper/short title | HOW I LEARNED TO FLY |
| Remainder of title | GOOSEBUMPS |
| 260 ## - PUBLICATION, DISTRIBUTION, ETC. (IMPRINT) | |
| Place of publication | DELHI |
| Name of publisher | SCHOLASTIC INC. |
| Year of publication | 1997 |
| 300 ## - PHYSICAL DESCRIPTION | |
| Number of Pages | 124 |
| 520 ## - SUMMARY, ETC. | |
| Summary, etc | GOOSEBUMPS -STORY |
| 650 ## - SUBJECT ADDED ENTRY--TOPICAL TERM | |
| Topical Term | GOOSEBUMPS -STORY |
| 942 ## - ADDED ENTRY ELEMENTS (KOHA) | |
| Koha item type | Books |
| Withdrawn status | Lost status | Collection code | Home library | Current library | Shelving location | Date acquired | Source of acquisition | Cost, normal purchase price | Full call number | Accession Number | Koha item type |
|---|---|---|---|---|---|---|---|---|---|---|---|
| Fiction | Main Library | Main Library | SHELF 4-A GOOSEBUMPS | 03/12/2013 | Purchase | 330.00 | 823 STI/G | 07612 | Books | ||
| Fiction | Main Library | Main Library | SHELF 4-A GOOSEBUMPS | 24/01/2019 | Purchase | 413.00 | 823 STI/G | 10605 | Books | ||
| Fiction | Main Library | Main Library | SHELF 4-A GOOSEBUMPS | 05/02/2019 | Purchase | 290.00 | 823 STI/G | 11054 | Books | ||
| Fiction | Main Library | Main Library | SHELF 4-A GOOSEBUMPS | 06/02/2019 | Purchase | 330.00 | 823 STI/G | 11085 | Books | ||
| Fiction | Main Library | Main Library | SHELF 4-A GOOSEBUMPS | 10/10/2018 | Purchase | 195.00 | 823 STI/G | 10300 | Books | ||
| Fiction | Main Library | Main Library | SHELF 4-A GOOSEBUMPS | 05/02/2019 | Purchase | 330.00 | 823 STI/G | 11035 | Books | ||
| Fiction | Main Library | Main Library | SHELF 4-A GOOSEBUMPS | 13/09/2023 | Purchase | 250.00 | 823 STI/G | 12032 | Books | ||
| Fiction | Main Library | Main Library | SHELF 4-A GOOSEBUMPS | 06/02/2019 | Purchase | 330.00 | 823 STI/G | 11094 | Books | ||
| Fiction | Main Library | Main Library | SHELF 4-A GOOSEBUMPS | 06/02/2019 | Purchase | 330.00 | 823 STI/G | 11065 | Books | ||
| Fiction | Main Library | Main Library | SHELF 4-A GOOSEBUMPS | 05/02/2019 | Purchase | 290.00 | 823 STI/G | 11040 | Books | ||
| Fiction | Main Library | Main Library | SHELF 4-A GOOSEBUMPS | 05/02/2019 | Purchase | 330.00 | 823 STI/G | 11060 | Books | ||
| Fiction | Main Library | Main Library | SHELF 4-A GOOSEBUMPS | 13/09/2023 | Purchase | 247.00 | 823 STI/G | 11070 | Books | ||
| Fiction | Main Library | Main Library | SHELF 4-A GOOSEBUMPS | 05/02/2019 | Purchase | 207.00 | 823 STI/G | 11048 | Books | ||
| Fiction | Main Library | Main Library | SHELF 4-A GOOSEBUMPS | 13/09/2023 | Purchase | 290.00 | 823 STI/G | 11084 | Books | ||
| Fiction | Main Library | Main Library | SHELF 4-A GOOSEBUMPS | 13/09/2023 | Purchase | 823 STI/G | 01591 | Books | |||
| Fiction | Main Library | Main Library | SHELF 4-A GOOSEBUMPS | 10/10/2006 | Purchase | 230.00 | 823 STI/G | 01557 | Books | ||
| Fiction | Main Library | Main Library | SHELF 4-A GOOSEBUMPS | 13/09/2023 | Purchase | 250.00 | 823 STI/G | 11077 | Books | ||
| Fiction | Main Library | Main Library | SHELF 4-A GOOSEBUMPS | 18/07/2019 | Purchase | 823 STI/G | 11316 | Books | |||
| Fiction | Main Library | Main Library | SHELF 4-A GOOSEBUMPS | 05/02/2019 | Purchase | 330.00 | 823 STI/G | 11057 | Books | ||
| Fiction | Main Library | Main Library | SHELF 4-A GOOSEBUMPS | 03/12/2013 | Purchase | 330.00 | 823 STI/G | 01590 | Books | ||
| Fiction | Main Library | Main Library | SHELF 4-A GOOSEBUMPS | 03/12/2013 | Purchase | 330.00 | 823 STI/G | 01593 | Books | ||
| Fiction | Main Library | Main Library | SHELF 4-A GOOSEBUMPS | 06/02/2019 | Purchase | 330.00 | 823 STI/G | 11081 | Books | ||
| Fiction | Main Library | Main Library | SHELF 4-A GOOSEBUMPS | 26/03/2016 | Purchase | 195.00 | 823 STI/G | 10190 | Books | ||
| Fiction | Main Library | Main Library | SHELF 4-A GOOSEBUMPS | 13/09/2023 | Purchase | 330.00 | 823 STI/G | 11093 | Books | ||
| Fiction | Main Library | Main Library | SHELF 4-A GOOSEBUMPS | 06/02/1991 | Purchase | 330.00 | 823 STI/G | 11088 | Books | ||
| Fiction | Main Library | Main Library | SHELF 4-A GOOSEBUMPS | 06/02/2019 | Purchase | 330.00 | 823 STI/G | 11091 | Books | ||
| Fiction | Main Library | Main Library | SHELF 4-A GOOSEBUMPS | 13/09/2023 | Purchase | 247.00 | 823 STI/G | 11064 | Books | ||
| Fiction | Main Library | Main Library | SHELF 4-A GOOSEBUMPS | 10/10/2006 | Purchase | 330.00 | 823 STI/G | 01554 | Books | ||
| Fiction | Main Library | Main Library | SHELF 4-A GOOSEBUMPS | 05/02/2019 | Purchase | 247.00 | 823 STI/G | 11045 | Books | ||
| Fiction | Main Library | Main Library | SHELF 4-A GOOSEBUMPS | 23/01/2019 | Purchase | 413.00 | 823 STI/G | 10574 | Books | ||
| Fiction | Main Library | Main Library | SHELF 4-A GOOSEBUMPS | 13/09/2023 | Purchase | 662.00 | 823 STI/G | 12795 | Books | ||
| Fiction | Main Library | Main Library | SHELF 4-A GOOSEBUMPS | 06/02/2019 | Purchase | 330.00 | 823 STI/G | 11068 | Books | ||
| Fiction | Main Library | Main Library | SHELF 4-A GOOSEBUMPS | 06/02/2019 | Purchase | 330.00 | 823 STI/G | 11089 | Books | ||
| Fiction | Main Library | Main Library | SHELF 4-A GOOSEBUMPS | 24/09/2012 | Purchase | 330.00 | 823 STI/G | 05663 | Books | ||
| Fiction | Main Library | Main Library | SHELF 4-A GOOSEBUMPS | 06/02/2019 | Purchase | 330.00 | 823 STI/G | 11087 | Books | ||
| Fiction | Main Library | Main Library | SHELF 4-A GOOSEBUMPS | 04/03/2016 | Purchase | 95.00 | 823 STI/G | 04000 | Books | ||
| Fiction | Main Library | Main Library | SHELF 4-A GOOSEBUMPS | 06/10/2015 | Purchase | 150.00 | 823 STI/G | 03949 | Books | ||
| Fiction | Main Library | Main Library | SHELF 4-A GOOSEBUMPS | 06/02/2019 | Purchase | 290.00 | 823 STI/G | 11069 | Books | ||
| Fiction | Main Library | Main Library | SHELF 4-A GOOSEBUMPS | 07/11/2016 | Purchase | 330.00 | 823 STI/G | 09829 | Books | ||
| Fiction | Main Library | Main Library | SHELF 4-A GOOSEBUMPS | 05/02/2019 | Purchase | 330.00 | 823 STI/G | 11061 | Books | ||
| Reference | Main Library | Main Library | SHELF 4-A GOOSEBUMPS | 10/10/2006 | Purchase | 120.00 | 823 STI/G | 01555 | Books | ||
| Fiction | Main Library | Main Library | SHELF 4-A GOOSEBUMPS | 26/10/2017 | Purchase | 295.00 | 823 STI/G | 10101 | Books | ||
| Fiction | Main Library | Main Library | SHELF 4-A GOOSEBUMPS | 05/02/2019 | Purchase | 290.00 | 823 STI/G | 11062 | Books | ||
| Fiction | Main Library | Main Library | SHELF 4-A GOOSEBUMPS | 06/02/2019 | Purchase | 330.00 | 823 STI/G | 11076 | Books | ||
| Fiction | Main Library | Main Library | SHELF 4-A GOOSEBUMPS | 06/02/2019 | Purchase | 330.00 | 823 STI/G | 11075 | Books | ||
| Fiction | Main Library | Main Library | SHELF 4-A GOOSEBUMPS | 06/02/2019 | Purchase | 290.00 | 823 STI/G | 11071 | Books | ||
| Fiction | Main Library | Main Library | SHELF 4-A GOOSEBUMPS | 10/10/2006 | Purchase | 413.00 | 823 STI/G | 01559 | Books | ||
| Fiction | Main Library | Main Library | SHELF 4-A GOOSEBUMPS | 06/02/2019 | Purchase | 330.00 | 823 STI/G | 11092 | Books | ||
| Fiction | Main Library | Main Library | SHELF 4-A GOOSEBUMPS | 31/10/2007 | Purchase | 195.00 | 823 STI/G | 10135 | Books | ||
| Fiction | Main Library | Main Library | SHELF 4-A GOOSEBUMPS | 19/08/2016 | Purchase | 195.00 | 823 STI/G | 09749 | Books | ||
| Fiction | Main Library | Main Library | SHELF 4-A GOOSEBUMPS | 05/02/2019 | Purchase | 330.00 | 823 STI/G | 11044 | Books | ||
| Fiction | Main Library | Main Library | SHELF 4-A GOOSEBUMPS | 13/09/2023 | Purchase | 195.00 | 823 STI/G | 11317 | Books | ||
| Fiction | Main Library | Main Library | SHELF 4-A GOOSEBUMPS | 03/12/2013 | Purchase | 330.00 | 823 STI/G | 01597 | Books | ||
| Fiction | Main Library | Main Library | SHELF 4-A GOOSEBUMPS | 06/02/2019 | Purchase | 290.00 | 823 STI/G | 11100 | Books | ||
| Fiction | Main Library | Main Library | SHELF 4-A GOOSEBUMPS | 25/01/2019 | Purchase | 195.00 | 823 STI/G | 10705 | Books | ||
| Fiction | Main Library | Main Library | SHELF 4-A GOOSEBUMPS | 31/10/2017 | Purchase | 195.00 | 823 STI/G | 10140 | Books | ||
| Fiction | Main Library | Main Library | SHELF 4-A GOOSEBUMPS | 05/02/2019 | Purchase | 330.00 | 823 STI/G | 11053 | Books | ||
| Fiction | Main Library | Main Library | SHELF 4-A GOOSEBUMPS | 15/08/2023 | Purchase | 330.00 | 823 STI/G | 01558 | Books | ||
| Fiction | Main Library | Main Library | SHELF 4-A GOOSEBUMPS | 13/09/2023 | Purchase | 95.00 | 823 STI/G | 05665 | Books | ||
| Fiction | Main Library | Main Library | SHELF 4-A GOOSEBUMPS | 26/11/2019 | Purchase | 250.00 | 823 STI/G | 12033 | Books | ||
| Fiction | Main Library | Main Library | SHELF 4-A GOOSEBUMPS | 01/02/2019 | Purchase | 413.00 | 823 STI/G | 10959 | Books | ||
| Fiction | Main Library | Main Library | SHELF 4-A GOOSEBUMPS | 06/02/2019 | Purchase | 330.00 | 823 STI/G | 11079 | Books | ||
| Fiction | Main Library | Main Library | SHELF 4-A GOOSEBUMPS | 06/02/2019 | Purchase | 330.00 | 823 STI/G | 11086 | Books | ||
| Fiction | Main Library | Main Library | SHELF 4-A GOOSEBUMPS | 06/02/2019 | Purchase | 330.00 | 823 STI/G | 11072 | Books | ||
| Fiction | Main Library | Main Library | SHELF 4-A GOOSEBUMPS | 06/02/2019 | Purchase | 330.00 | 823 STI/G | 11082 | Books | ||
| Fiction | Main Library | Main Library | SHELF 4-A GOOSEBUMPS | 06/02/2019 | Purchase | 330.00 | 823 STI/G | 11099 | Books | ||
| Fiction | Main Library | Main Library | SHELF 4-A GOOSEBUMPS | 05/02/2019 | Purchase | 330.00 | 823 STI/G | 11033 | Books | ||
| Fiction | Main Library | Main Library | SHELF 4-A GOOSEBUMPS | 05/02/2019 | Purchase | 413.00 | 823 STI/G | 11046 | Books | ||
| Fiction | Main Library | Main Library | SHELF 4-A GOOSEBUMPS | 12/11/2022 | Purchase | 250.00 | 823 STI/G | 12740 | Books | ||
| Fiction | Main Library | Main Library | SHELF 4-A GOOSEBUMPS | 06/02/2019 | Purchase | 257.00 | 823 STI/G | 11097 | Books | ||
| Fiction | Main Library | Main Library | SHELF 4-A GOOSEBUMPS | 05/02/2019 | Purchase | 823 STI/G | 11034 | Books | |||
| Fiction | Main Library | Main Library | SHELF 4-A GOOSEBUMPS | 02/12/2013 | Purchase | 823 STI/G | 01589 | Books | |||
| Fiction | Main Library | Main Library | SHELF 4-A GOOSEBUMPS | 05/02/2019 | Purchase | 823 STI/G | 11042 | Books |